| 000 | 00756nam a2200241Ia 4500 | ||
|---|---|---|---|
| 003 | OSt | ||
| 005 | 20220923211037.0 | ||
| 006 | a|||||r|||| 00| 0 | ||
| 007 | ta | ||
| 008 | Pun | ||
| 020 | _a8172015216 (pbk) | ||
| 024 | _a235,155 | ||
| 037 | _cTextual | ||
| 040 |
_aARTS _cARTS _bPun |
||
| 041 |
_2Pun _aPun |
||
| 082 | _aO152,1N22,AR, 153N3 | ||
| 100 |
_aਮੇਹਤਾ, ਨਰੇF; ਕੌ੍ਵਕੇ, ਅਮਰਜੀਤ, ੳਗ. _9157526 |
||
| 245 | 0 | _aਅਰਣਿਆ | |
| 260 |
_aਦਿੱਲੀ _b ਸਾਹਿਤ ਅਕਾਦੇਮੀ _c1993 |
||
| 300 |
_a92ਪੰ _ccm. |
||
| 942 |
_hO152,1N22,AR, 153N3 _cTEXL _2CC |
||
| 999 |
_c294416 _d294416 |
||